| 000 | 00739nam a2200229 a 4500 | ||
|---|---|---|---|
| 999 |
_c1595 _d1595 |
||
| 001 | 1595 | ||
| 003 | BD-JhCC | ||
| 005 | 20190718134014.0 | ||
| 008 | 171022s2010 bg a|||| ||a| 000 0 ben d | ||
| 020 | _a9840748408 | ||
| 035 | _a(BD-JhCC)1595 | ||
| 040 |
_aBD-JhCC _dBD-JhCC |
||
| 041 | _aben | ||
| 082 |
_a305.800954923 _bMAJ 2010 |
||
| 100 | _aমজুমদার, সুপ্তিকণা | ||
| 245 |
_aবাংলাদেশের প্রাচীন সমাজ / _cসুপ্তিকণা মজুমদার |
||
| 260 |
_aঢাকা : _bবাংলা একাডেমী, _c2010. |
||
| 300 |
_a245 p. : _c22 cm. |
||
| 650 |
_aHistory of Acient Society _zBangladesh |
||
| 942 |
_2ddc _cBK _03 |
||